Fill in the Holy Roman Emperors - Statistics

General Stats
  • This quiz has been taken 239 times
  • The average score is 30 of 45
Answers on the Map
Answers color-coded by a green-red scale on the quiz's map according to % correct below.
 
Answer Stats
Reign Emperor % Correct
800–814 Charlemagne
95%
881–887 {Charles} III, the Fat
90%
875–877 {Charles} II, the Bald
90%
(1346) 1355–1378 {Charles} IV
90%
1519–1556 {Charles} V
90%
1711–1740 {Charles} VI
90%
1742–1745 {Charles} VII
90%
850–875 {Louis} II
81%
901–905 {Louis} III, the Blind
81%
814–840 {Louis} I, the Pious
81%
(1308) 1328–1347 {Louis} IV, the Bavarian
81%
(1125) 1133–1137 {Frederick} I Barbarossa
80%
(1440) 1452–1493 {Frederick} III, the Peaceful
80%
(1212) 1220–1250 {Frederick} II, Stupor Mundi
80%
1745–1765 {Francis} I
74%
1792–1806 {Francis} II
74%
(1002) 1014–1024 {Henry} II
74%
(1028) 1046–1056 {Henry} III, the Black
74%
(1054) 1084–1106 {Henry} IV
74%
(1099) 1111–1125 {Henry} V
74%
(1169) 1191–1197 {Henry} VI
74%
(1308) 1312–1313 {Henry} VII
74%
(983) 996–1002 {Otto} III
73%
(961) 967–983 {Otto} II, the Red
73%
(936) 962–973 {Otto} I, the Great
73%
(1198) 1209–1215 {Otto} IV
73%
(1531) 1558–1564 {Ferdinand} I
66%
1619–1637 {Ferdinand} II
66%
(1636) 1637–1657 {Ferdinand} III
66%
(1690) 1705–1711 {Joseph} I
60%
(1764) 1765–1790 {Joseph} II
60%
823–855 {Lothair} I
55%
(1125) 1133–1137 {Lothair} III
55%
(1486) 1493–1519 {Maximilian} I
55%
(1562) 1564–1576 {Maximilian} II
55%
1658–1705 {Leopold} I
51%
1790–1792 {Leopold} II
51%
(1575) 1576–1612 {Rudolf} II
47%
(1410/11) 1433–1437 Sigismund
44%
(1024) 1027–1039 {Conrad} II, the Elder
42%
1612–1619 Matthias
39%
891–894 {Guy} II
38%
896–899 {Arnulf} of Corinthia
32%
915–924 Berengar
28%
892–898 {Lambert} of Spoleto
27%
No matching quizzes found
Score Distribution
Percent of People with Each Score
Percentile by Number Answered
Your Score History
You have not taken this quiz